Top 10 Highest Currency Rate in the World - Statistics

General Stats
  • This quiz has been taken 65 times
  • The average score is 3 of 10
Answer Stats
Amount of NGNs that can be changed by one of these currency Answer % Correct
442.100 Euro
75%
360.473 The United States Dollar
52%
374.707 Swiss Franc
48%
1197.92 Kuwaiti Dinar
39%
937.541 Omani Rial
34%
958.735 Bahraini Dinar
28%
496.722 British Pound
28%
508.441 Jordanian Dinar
15%
439.621 Cayman Islands Dollar
3%
496.673 Gibraltar Pound
2%
No matching quizzes found
Score Distribution
Percent of People with Each Score
Percentile by Number Answered
Your Score History
You have not taken this quiz